| 000 | 00671nam a22001937a 4500 | ||
|---|---|---|---|
| 003 | OSt | ||
| 005 | 20251029151029.0 | ||
| 008 | 251029b |||||||| |||| 00| 0 eng d | ||
| 020 |
_a9789953542287 _cاهداء |
||
| 040 | _c. | ||
| 082 | _a398.209536 E715 | ||
| 100 | _aعكاوي ,رحاب | ||
| 245 |
_aملحمة العرب سيرة عنترة بن شداد : _bمع دراسة مقارنة للسيرة في الملاحم العالمية/ _cرحاب عكاوي |
||
| 250 | _aط 1 | ||
| 260 | _bبيروت ,دار الحرف العربي | ||
| 300 |
_a432 ص _c24 سم |
||
| 650 | _zعنترة بن شداد — سيرة شعبية | ||
| 942 |
_2ddc _cBK-AR _n0 |
||
| 999 |
_c8021 _d8021 |
||